书目信息 |
| 题名: |
从百草园到三味书屋
|
|
| 作者: | 鲁迅 著 ;郭警 , 张驰 绘 | |
| 分册: | ||
| 出版信息: | 南昌 江西科学技术出版社 2011.11 |
|
| 页数: | 175页 | |
| 开本: | 26cm | |
| 丛书名: | 鲁迅儿童文学经典 | |
| 单 册: | ||
| 中图分类: | I210.6 | |
| 科图分类: | ||
| 主题词: | 鲁迅小说--小说集 | |
| 电子资源: | ||
| ISBN: | 978-7-5390-4145-2 | |
| 000 | 00983nam0 2200289 450 | |
| 001 | 1239611577 | |
| 005 | 20120214110423.42 | |
| 010 | @a978-7-5390-4145-2@dCNY19.80 | |
| 100 | @a20110211d2011 y0chiy0110 ea | |
| 101 | 0 | @achi |
| 102 | @aCN@b360000 | |
| 105 | @aa z 000ay | |
| 200 | 1 | @a从百草园到三味书屋@Acong bai cao yuan dao san wei shu wu@9gu xiang@f鲁迅著@g张驰, 郭警绘 |
| 210 | @a南昌@c江西科学技术出版社@d2011.11 | |
| 215 | @a175页@c照,图@d26cm@e1导读手册(25页;13×19cm) | |
| 225 | 2 | @a鲁迅儿童文学经典@e彩绘版@i小说卷 |
| 330 | @a本书收录有“故乡”、“社戏”、“孔乙己”、“一件小事”、“鸭的喜剧”、“兔和猫”、“风波”、“祝福”等文章。 | |
| 461 | 0 | @12001@a鲁迅儿童文学经典 |
| 462 | 0 | @12001@a小说卷 |
| 606 | 0 | @a鲁迅小说@x小说集 |
| 690 | @aI210.6@v4 | |
| 696 | @aI426.7@v3@2sef | |
| 701 | 0 | @a鲁迅@9lu xun@f(1881-1936)@4著 |
| 702 | 0 | @a郭警@9Guo Jing@4绘 |
| 702 | 0 | @a张驰@9zhang chi@4绘 |
| 801 | 0 | @aCN@bSG08@c20110301 |
| 905 | @aZUCC@dI210.6@eL8247 | |
| 从百草园到三味书屋/鲁迅著/张驰, 郭警绘.-南昌:江西科学技术出版社,2011.11 |
| 175页:照,图;26cm+1导读手册(25页;13×19cm).-(鲁迅儿童文学经典:彩绘版.小说卷) |
| ISBN 978-7-5390-4145-2:CNY19.80 |
| 本书收录有“故乡”、“社戏”、“孔乙己”、“一件小事”、“鸭的喜剧”、“兔和猫”、“风波”、“祝福”等文章。 |
| ● |
| 相关链接 |
|
|
|
正题名:从百草园到三味书屋
索取号:I210.6/L8247
 
预约/预借
| 序号 | 登录号 | 条形码 | 馆藏地/架位号 | 状态 | 备注 |
| 1 | 482645 | 204826457 | 文学库108/108文学库 12排6列3层/ [索取号:I210.6/L8247] | 在馆 | |
| 2 | 482646 | 204826466 | 文学库108/108文学库 12排6列3层/ [索取号:I210.6/L8247] | 在馆 | |
| 3 | 482647 | 204826475 | 文学库108/108文学库 12排6列3层/ [索取号:I210.6/L8247] | 在馆 |